[Event "Nakhchivan 100th Ann Rep op"]
[Site "Nakhchivan"]
[Date "2024.01.15"]
[Round "9"]
[White "Kazimov, Anvar"]
[Black "Garayev, Sadig"]
[Result "0-1"]
[WhiteElo "1434"]
[BlackElo "2008"]
[PlyCount "72"]
[EventDate "2024.01.10"]
[EventType "swiss"]
[EventRounds "9"]
[EventCountry "AZE"]
[SourceTitle "CB03_2024"]
[SourceDate "2024.01.17"]
[SourceVersion "1"]
[SourceVersionDate "2024.01.17"]
[SourceQuality "1"]

1. d4 d6 2. c4 e5 3. dxe5 dxe5 4. Qxd8+ Kxd8 5. Nc3 c6 6. Nf3 f6 7. Bd2 Be6 8. e4 Nd7 9. Be3 Kc7 10. Be2 a5 11. a3 Ne7 12. Rd1 Nc8 13. h3 Ncb6 14. Nd2 a4 15. f4 Bd6 16. f5 Bf7 17. Rc1 Bc5 18. Bxc5 Nxc5 19. 0-0 Rhd8 20. Rfd1 Rxd2 21. Rxd2 Nb3 22. Rdd1 Nxc1 23. Rxc1 Bxc4 24. Bxc4 Nxc4 25. Rc2 b5 26. Kf2 Kd7 27. g4 Na5 28. h4 Nb3 29. Ke3 Ke7 30. Rg2 Rd8 31. g5 Kf7 32. Na2 Rd1 33. Nb4 Nd4 34. Nd3 Rh1 35. Rg4 Rh3+ 36. Kf2 Rxd3 0-1

[Event "Nakhchivan Premium 2"]
[Site "Nakhchivan"]
[Date "2022.01.19"]
[Round "6"]
[White "Sevdimaliyev, Urfan"]
[Black "Garayev, Sadig"]
[Result "1-0"]
[WhiteElo "2353"]
[BlackElo "2126"]
[PlyCount "75"]
[EventDate "2022.01.14"]
[EventType "tourn"]
[EventRounds "11"]
[EventCountry "AZE"]
[SourceTitle "CBM 206 Extra"]
[Source "ChessBase"]
[SourceDate "2022.03.31"]
[SourceVersion "1"]
[SourceVersionDate "2022.03.31"]
[SourceQuality "1"]

1. e4 e6 2. d4 d5 3. Nc3 dxe4 4. Nxe4 Nd7 5. Nf3 Ngf6 6. Bd3 Nxe4 7. Bxe4 Nf6 8. Bg5 Be7 9. Bxf6 Bxf6 10. Qd3 g6 11. Bxb7 Bxb7 12. Qb5+ Qd7 13. Qxb7 0-0 14. Qe4 Qb5 15. 0-0-0 Rab8 16. b3 c5 17. Rhe1 Qa5 18. Kb1 c4 19. Ne5 c3 20. Rd3 Bxe5 21. Qxe5 Rb5 22. Qd6 Rc8 23. Re5 Rxe5 24. dxe5 Kg7 25. a4 h6 26. f4 Rc5 27. Qd8 Qxd8 28. Rxd8 g5 29. g3 Kg6 30. Rd7 a5 31. Ka2 h5 32. Ka3 h4 33. b4 Rc4 34. bxa5 gxf4 35. gxf4 f6 36. exf6 Rxf4 37. f7 Kg7 38. a6 1-0

[Event "Kirsehir Ahilik op"]
[Site "Kirsehir"]
[Date "2021.09.15"]
[Round "3"]
[White "Garayev, Sadig"]
[Black "Hatirli, Ugur Can"]
[Result "1-0"]
[WhiteElo "2064"]
[BlackElo "1738"]
[PlyCount "90"]
[EventDate "2021.09.13"]
[EventType "swiss"]
[EventRounds "9"]
[EventCountry "TUR"]
[SourceTitle "CBM 204 Extra"]
[Source "ChessBase"]
[SourceDate "2021.11.30"]
[SourceVersion "1"]
[SourceVersionDate "2021.11.30"]
[SourceQuality "1"]

1. e4 c5 2. Nf3 Nc6 3. d4 cxd4 4. Nxd4 Nf6 5. Nc3 Qb6 6. Nb3 d6 7. Be3 Qc7 8. f3 g6 9. Qe2 Be6 10. 0-0-0 Bg7 11. Kb1 a6 12. Nd5 Bxd5 13. exd5 Ne5 14. f4 Ned7 15. g4 Nb6 16. Bg2 0-0 17. Bd4 Rac8 18. c3 Rfe8 19. h4 Qc4 20. Qf3 Nfxd5 21. Bxg7 Kxg7 22. Rd4 Qb5 23. Rxd5 Nxd5 24. Qxd5 Qxd5 25. Bxd5 Rc7 26. Nd2 e6 27. Re1 Rd8 28. Bb3 b5 29. g5 Rc5 30. Bc2 Rb8 31. h5 a5 32. h6+ Kf8 33. Ne4 Rf5 34. Nf6 Rxf6 35. gxf6 d5 36. b3 Rc8 37. Kb2 b4 38. cxb4 axb4 39. Rc1 Rc3 40. Bd3 d4 41. Rxc3 dxc3+ 42. Kc2 Ke8 43. a4 Kd7 44. a5 Kc6 45. Bxg6 Kd5 1-0

[Event "Nizami Ganjavi 880 years U17"]
[Site "Tornelo INT"]
[Date "2021.04.04"]
[Round "9.10"]
[White "Pedoson, Georg Aleksander"]
[Black "Garayev, Sadig"]
[Result "1-0"]
[WhiteElo "2166"]
[BlackElo "1781"]
[PlyCount "127"]
[EventDate "2021.04.02"]
[EventType "team-swiss (blitz)"]
[EventRounds "9"]
[EventCountry "AZE"]
[SourceTitle "EXT 2023"]
[Source "ChessBase"]
[SourceDate "2022.10.05"]
[SourceVersion "1"]
[SourceVersionDate "2022.10.05"]
[SourceQuality "1"]
[WhiteTeam "Estonia"]
[BlackTeam "Nakhchivan"]
[WhiteTeamCountry "EST"]
[BlackTeamCountry "AZE"]

1. c4 e6 2. Nc3 d5 3. d4 Nf6 4. cxd5 Nxd5 5. Nf3 c5 6. e3 Nc6 7. Bd3 cxd4 8. exd4 Be7 9. 0-0 0-0 10. Re1 Bf6 11. Bb1 g6 12. Bh6 Re8 13. a3 Nde7 14. Ne4 Bh8 15. Bg5 Qb6 16. Bf6 Bg7 17. Nfg5 h6 18. Bxg7 Kxg7 19. Nxf7 Kxf7 20. Nd6+ Kf8 21. Nxe8 Kxe8 22. d5 Nd4 23. Re4 Ndf5 24. Ba2 Bd7 25. Rb4 Qd6 26. dxe6 Bc6 27. Qxd6 Nxd6 28. Rd1 Rd8 29. Rbd4 Nef5 30. R4d2 Ke7 31. f3 h5 32. Kf2 h4 33. g4 Ng7 34. Kg2 g5 35. Re1 Rf8 36. Rd3 Rf6 37. Rde3 Nb5 38. Re5 Nd4 39. Rxg5 Ne8 40. Rc1 Nxf3 41. Rh5 Ng7 42. Rh7 Rg6 43. Rxc6 Ne1+ 44. Kf1 bxc6 45. Kxe1 Rxg4 46. Kf2 Kf6 47. h3 Re4 48. Kf3 Rd4 49. e7 Ne8 50. Rf7+ Kg6 51. Rf8 Nd6 52. e8Q+ Nxe8 53. Rxe8 Rd3+ 54. Re3 Rd2 55. Re2 Rd3+ 56. Kg2 Rg3+ 57. Kh2 Kg5 58. Be6 Kf4 59. Bg4 Rd3 60. Kg2 Rg3+ 61. Kf2 Rb3 62. Rc2 a5 63. Ke2 c5 64. Rc4+ 1-0

[Event "Nizami Ganjavi 880 years U17"]
[Site "Tornelo INT"]
[Date "2021.04.03"]
[Round "4.12"]
[White "Garayev, Sadig"]
[Black "Pobor, Milo"]
[Result "1-0"]
[WhiteElo "1781"]
[BlackElo "2071"]
[PlyCount "81"]
[EventDate "2021.04.02"]
[EventType "team-swiss (blitz)"]
[EventRounds "9"]
[EventCountry "AZE"]
[SourceTitle "EXT 2023"]
[Source "ChessBase"]
[SourceDate "2022.10.05"]
[SourceVersion "1"]
[SourceVersionDate "2022.10.05"]
[SourceQuality "1"]
[WhiteTeam "Nakhchivan"]
[BlackTeam "Montenegro"]
[WhiteTeamCountry "AZE"]
[BlackTeamCountry "MNE"]

1. e4 c5 2. Nf3 Nc6 3. d4 cxd4 4. Nxd4 Nf6 5. Nc3 e5 6. Ndb5 d6 7. Bg5 a6 8. Na3 b5 9. Nd5 Be7 10. Bxf6 Bxf6 11. c3 Bg5 12. Nc2 0-0 13. a4 bxa4 14. Rxa4 a5 15. Bc4 Bd7 16. b3 Kh8 17. 0-0 f5 18. exf5 Bxf5 19. Nce3 Be6 20. Qh5 Bh6 21. Bd3 Ne7 22. c4 Nxd5 23. cxd5 Bd7 24. Rh4 Rb8 25. Ng4 Be8 26. Qxh6 gxh6 27. Rxh6 Rb7 28. f4 Rg7 29. h3 exf4 30. Re1 Bg6 31. Bc4 Bf5 32. Bf1 Bxg4 33. hxg4 Rxg4 34. Ree6 Rg6 35. Rexg6 Rg8 36. Rxd6 Qg5 37. Rh3 Qg4 38. Rdh6 Rg7 39. Rf6 Kg8 40. Rc3 h5 41. d6 1-0

[Event "World ol U16"]
[Site "Corum"]
[Date "2019.11.03"]
[Round "6.17"]
[White "Garayev, Sadig"]
[Black "Zholdoshmamatov, Adilet"]
[Result "0-1"]
[WhiteElo "1723"]
[BlackElo "1682"]
[PlyCount "161"]
[EventDate "2019.10.29"]
[EventType "team-swiss"]
[EventRounds "9"]
[EventCountry "TUR"]
[SourceTitle "CBM 192 Extra"]
[Source "Chessbase"]
[SourceDate "2019.11.06"]
[SourceVersion "1"]
[SourceVersionDate "2019.11.06"]
[SourceQuality "1"]
[WhiteTeam "Azerbaijan Nakhchivan"]
[BlackTeam "Kyrgyzstan"]
[WhiteTeamCountry "AZE"]
[BlackTeamCountry "KGZ"]

1. e4 c5 2. Nf3 Nc6 3. d4 cxd4 4. Nxd4 e5 5. Nb5 a6 6. Nd6+ Bxd6 7. Qxd6 Qe7 8. Qd2 Nf6 9. Nc3 d6 10. b3 Be6 11. Ba3 Nd4 12. f4 Qc7 13. Bd3 Rc8 14. Bb2 b5 15. 0-0 0-0 16. Kh1 Qb7 17. fxe5 dxe5 18. Qg5 b4 19. Nd1 Nd7 20. Ne3 f6 21. Qh4 Nc5 22. Nc4 Nxd3 23. cxd3 Bxc4 24. dxc4 Ne2 25. Qg4 Nf4 26. Qf3 Rcd8 27. Rad1 Ne6 28. Rd5 Nf4 29. Rdd1 Ne6 30. Bc1 Nd4 31. Qd3 Ne6 32. Qb1 Rd4 33. Rxd4 Nxd4 34. Be3 Ne2 35. Bd2 Rd8 36. Qc2 Nd4 37. Qd3 a5 38. Be3 Ne6 39. Qc2 Qc6 40. c5 Nd4 41. Qc4+ Kf8 42. h3 Qxe4 43. Bxd4 Qxd4 44. Qxd4 exd4 45. Rc1 Ke7 46. c6 Kd6 47. c7 Rc8 48. Rc4 Rxc7 49. Rxd4+ Ke5 50. Rd2 Ke4 51. Kh2 g5 52. Kg3 h5 53. Rf2 Rc3+ 54. Kh2 f5 55. Re2+ Kd4 56. Rd2+ Rd3 57. Rc2 f4 58. Rc4+ Kd5 59. Rc8 g4 60. hxg4 hxg4 61. Rg8 g3+ 62. Kh3 Rc3 63. Rg5+ Ke4 64. Rxa5 Rc2 65. Rb5 Ke3 66. Re5+ Kd4 67. Rf5 Ke4 68. Kg4 Rf2 69. Rf8 Ke3 70. Re8+ Kd3 71. Rf8 Rxg2 72. Rxf4 Rxa2 73. Kxg3 Kc3 74. Rf3+ Kc2 75. Kf4 Rb2 76. Ke4 Rxb3 77. Rf2+ Kb1 78. Kd4 Rc3 79. Rf1+ Kb2 80. Rh1 b3 81. Kd5 0-1

[Event "World ol U16"]
[Site "Corum"]
[Date "2019.10.31"]
[Round "4.7"]
[White "Kusa, Jakub"]
[Black "Garayev, Sadig"]
[Result "1-0"]
[WhiteElo "2156"]
[BlackElo "1723"]
[PlyCount "92"]
[EventDate "2019.10.29"]
[EventType "team-swiss"]
[EventRounds "9"]
[EventCountry "TUR"]
[SourceTitle "CBM 192 Extra"]
[Source "Chessbase"]
[SourceDate "2019.11.06"]
[SourceVersion "1"]
[SourceVersionDate "2019.11.06"]
[SourceQuality "1"]
[WhiteTeam "Czech Republic"]
[BlackTeam "Azerbaijan Nakhchivan"]
[WhiteTeamCountry "CZE"]
[BlackTeamCountry "AZE"]

1. e4 c5 2. Nf3 d6 3. Bb5+ Nd7 4. 0-0 a6 5. Bd3 Ngf6 6. Re1 e5 7. c3 Be7 8. Bc2 0-0 9. d4 b5 10. a4 Rb8 11. d5 Re8 12. Nbd2 Nf8 13. Nf1 Bd7 14. axb5 axb5 15. h3 Qc8 16. Ng3 Ng6 17. Kh2 Bd8 18. Be3 Bb6 19. Qd2 c4 20. Bg5 Bd8 21. Ra7 h6 22. Be3 Bb6 23. Bxb6 Rxb6 24. Nf5 Bxf5 25. exf5 Nf4 26. g4 Rb7 27. Ra6 Rd7 28. Rc6 Qa8 29. Be4 Nxe4 30. Rxe4 Rc8 31. Nd4 Nxd5 32. Rxc8+ Qxc8 33. Nxb5 Nf6 34. Re1 Qc6 35. Na3 Ne4 36. Qe2 d5 37. Nxc4 dxc4 38. Qxe4 Qc5 39. Qe3 Qxe3 40. Rxe3 f6 41. Re4 Rd2 42. Kg3 Rxb2 43. Rxc4 Kf7 44. Rc7+ Kf8 45. f3 Rc2 46. Kh4 Rf2 1-0

[Event "World ol U16"]
[Site "Corum"]
[Date "2019.10.30"]
[Round "2.20"]
[White "Garayev, Sadig"]
[Black "Mekarapiruk, Chawit"]
[Result "1-0"]
[WhiteElo "1723"]
[BlackElo "1657"]
[PlyCount "109"]
[EventDate "2019.10.29"]
[EventType "team-swiss"]
[EventRounds "9"]
[EventCountry "TUR"]
[SourceTitle "CBM 192 Extra"]
[Source "Chessbase"]
[SourceDate "2019.11.06"]
[SourceVersion "1"]
[SourceVersionDate "2019.11.06"]
[SourceQuality "1"]
[WhiteTeam "Azerbaijan Nakhchivan"]
[BlackTeam "Thailand II"]
[WhiteTeamCountry "AZE"]
[BlackTeamCountry "THA"]

1. e4 c5 2. Nf3 d6 3. d4 cxd4 4. Nxd4 Nf6 5. Nc3 Nc6 6. Bg5 e6 7. Qd2 a6 8. 0-0-0 Bd7 9. f4 h6 10. Bh4 g5 11. fxg5 Ng4 12. Be2 Nge5 13. Nf3 Be7 14. Kb1 hxg5 15. Bg3 b5 16. Rhe1 Rc8 17. a3 Nxf3 18. gxf3 Ne5 19. f4 gxf4 20. Bxf4 Rb8 21. Rg1 a5 22. Rg3 Qc7 23. Bxe5 dxe5 24. Rdg1 Rxh2 25. Rg8+ Bf8 26. Qg5 Qc5 27. Bh5 Rf2 28. Rxf8+ Qxf8 29. Qxe5 Rb7 30. Nd5 b4 31. axb4 axb4 32. Nf6+ Rxf6 33. Qxf6 Bc8 34. Rd1 Bd7 35. Rh1 Bc8 36. Bg6 fxg6 37. Rh8 Rf7 38. Rxf8+ Rxf8 39. Qxg6+ Ke7 40. e5 Bd7 41. Qg4 Rf5 42. Qxb4+ Ke8 43. c4 Kf7 44. Qd6 Ba4 45. Ka2 Rf3 46. Qb8 Kg6 47. c5 Kf5 48. b4 Bb3+ 49. Kb2 Bd5 50. b5 Rf2+ 51. Kc3 Rf3+ 52. Kb4 Rf4+ 53. Ka5 Re4 54. c6 Rxe5 55. c7 1-0

[Event "World ol U16"]
[Site "Corum"]
[Date "2019.10.29"]
[Round "1.9"]
[White "Nurgali, Nazerke"]
[Black "Garayev, Sadig"]
[Result "1-0"]
[WhiteElo "2194"]
[BlackElo "1723"]
[PlyCount "101"]
[EventDate "2019.10.29"]
[EventType "team-swiss"]
[EventRounds "9"]
[EventCountry "TUR"]
[SourceTitle "CBM 192 Extra"]
[Source "Chessbase"]
[SourceDate "2019.11.06"]
[SourceVersion "1"]
[SourceVersionDate "2019.11.06"]
[SourceQuality "1"]
[WhiteTeam "Kazakhstan"]
[BlackTeam "Azerbaijan Nakhchivan"]
[WhiteTeamCountry "KAZ"]
[BlackTeamCountry "AZE"]

1. d4 Nf6 2. c4 g6 3. Nf3 Bg7 4. Nc3 d5 5. e3 0-0 6. cxd5 Nxd5 7. Bc4 Nxc3 8. bxc3 c5 9. 0-0 Qc7 10. Bb3 b6 11. Re1 Nc6 12. Ba3 Na5 13. Bd5 Rb8 14. Qe2 Rd8 15. Be4 e5 16. Bd3 Bg4 17. Rac1 Qc6 18. Bb5 Qe6 19. dxe5 Bxf3 20. gxf3 Bxe5 21. c4 Qf5 22. f4 Bf6 23. Rcd1 h5 24. Bc1 Qg4+ 25. Qxg4 hxg4 26. Kg2 Bc3 27. Rf1 Nb7 28. Bd7 Na5 29. Bb5 Nb7 30. Kg3 Nd6 31. Kxg4 a6 32. Bxa6 Ra8 33. Bb5 Nxb5 34. Rxd8+ Rxd8 35. cxb5 c4 36. e4 Ba5 37. Be3 c3 38. Rc1 Rc8 39. Rc2 Rd8 40. Kf3 Rd1 41. Ke2 Rb1 42. Bd4 Rxb5 43. Kd3 f5 44. f3 Kf7 45. Bxc3 Bxc3 46. Rxc3 Rb2 47. Rc2 fxe4+ 48. fxe4 Rb4 49. Rc7+ Ke6 50. Rc6+ Kf7 51. a3 1-0